000 00949nam a2200337Ia 4500
003 OSt
005 20220912144435.0
006 a|||||r|||| 00| 0
007 ta
008 220909b |||||||| |||| 00| 0 eng d
020 _a9781118937693 (hbk)
020 _aSL01600274
024 _a195527
037 _b30, 09/02/2016, Total Books India
037 _cTextual
040 _aCSL
_beng
_cCSL
041 _aeng
082 _aB28931, Q6
100 _aBaker Kenneth R
245 0 _aOptimization modeling with spreadsheets
250 _a3
260 _aHoboken
_bWiley
_c2016
300 _axiii, 374p. ill.
500 _aAppendices 348-365p.; Index 366-374p.
650 _a Integer programming
650 _a Linear programming
650 _aNonlinear programming
700 _aBaker Kenneth R
942 _hB28931, Q6
_cTEXL
_2CC
999 _c8391
_d8391